Responses for Show #7627 - Tuesday, November 7, 2017

2017 Tournament of Champions quarterfinal game 2.

Contestants

[<< previous game]

Jason Sterlacci, a fourth grade teacher from Somerset, New Jersey

Lilly Chin, a robotics Ph.D. student at MIT from Decatur, Georgia

Tim Aten, an editor from Vermilion, Ohio

[next game >>]

Jeopardy! Round responses

DR. JOHNSON'S ALPHABET
(Alex: We're going back to his 1755 dictionary.)
"B" A SPORT
U.S.A.
THAT'S OUR COLOR
(Alex: You have to name the color that has a shade that's been trademarked by the group mentioned.)
TINDER
SWIPE WRITE
    $200 1
R

Lilly
    $200 12
bowling

Tim
    $200 30
Hershey

Tim
    $200 17
brown

Jason
    $200 29
kindling

Tim
    $200 22
the Great Gatsby

Lilly
    $400 6
S

Tim
    $400 11
(Lilly: What is badminton?)

basketball

TimLilly
    $400 14
sugar maple

Triple Stumper
    $400 21
(robin's-egg) blue

Tim
    $400 28
sawdust

Lilly
    $400 23
Mr. Darcy

Lilly
    $600 7
H

Tim
    $600 9
baseball

Jason
    $600 4
Devil's Tower

Tim
    $600 16
pink

Tim
    $600 2
a kiln

Lilly
    $600 25
Lolita

Lilly
    $800 8
(Lilly: What is W?)
(Tim: What is V?)

P

TimLillyJason
    $800 3
bobsled

Jason
    $800 10
the Cascades

Tim
    $800 18
yellow

Lilly
    $800 19
a cord

Jason
    $800 26
As You Like It

Jason
    $1000 13
W

Jason
    $1,000 5
biathlon

Tim
    $1000 15
Lake Mead

Lilly
    $1000 20
purple

Triple Stumper
    $1000 24
(Lilly: What's an adze?)

a maul

Lilly
Triple Stumper
    $1000 27
Who's Afraid of Virginia Woolf?

Tim

Scores at the first commercial break (after clue 15):

Tim Lilly Jason
$3,200 $600 $3,200

Scores at the end of the Jeopardy! Round:

Tim Lilly Jason
$5,600 $2,000 $5,000

Double Jeopardy! Round responses

THE DREADED OPERA CATEGORY
THREE OF A KIND
MOVIE & TV DEATHS
KICKING AXIS
BRANCHES OF SCIENCE
OVERLAPS
(Alex: Each correct response will be one word, an overlap of two words.)
    $400 25
Brünnhilde

Lilly
    $400 9
things with beats, or things you can beat

Jason
    $400 8
Kenny

Tim
    $400 27
Egypt

Triple Stumper
    $400 28
optical illusions

Tim
    $400 12
ketchupholstery

Tim
    $4,000 21
Carmen

Lilly
    $800 10
sonnets

Tim
    $800 6
E.R.

Jason
    $800 23
tanks

Lilly
    $800 24
vulcanology

Tim
    $800 13
amoebaguette

Tim
    $1200 22
(Alex: Cosi fan tutte by [*].)

Mozart

Triple Stumper
    $1200 2
WWE wrestlers

Jason
    $1200 4
This Is the End

Jason
    $1200 17
V-E Day

Jason
    $1200 19
podiatry

Tim
    $1200 14
Kyotoast

Jason
    $1600 29
vibrato

Tim
    $1600 3
Civil War battle sites

Jason
    $1600 5
Jeff Daniels

Jason
    $3,000 18
Midway

Jason
    $1600 1
toxicology

Lilly
    $1600 15
espressonar

Jason
    $2000 30
verismo

Triple Stumper
    $2000 11
weapons

Tim
    $2000 7
Donny

Triple Stumper
    $2000 26
(Alex: Made a movie about it. Sink [*].)

the Bismarck

Triple Stumper
    $2000 20
harmonics

Lilly
    $2000 16
(Jason: Nice.)
[Applause]
(Alex: You guys did well on what I thought was a very tough category.)

icecapplication

Lilly

Scores at the end of the Double Jeopardy! Round:

Tim Lilly Jason
$14,000 $12,800 $18,800

Final Jeopardy! Round responses

LANDLOCKED COUNTRIES
(Alex: There are only two continents that come into play here--South America and Africa.)
LillyWhat is Bhutan
$800
TimWhat is Myanmar?
$2,500
JasonWhat is Lesotho?
$4,200
Lesotho

Final scores:

Tim Lilly Jason
$11,500 $12,000 $23,000
3rd place: $5,000 if eliminated 2nd place: $5,000 if eliminated Automatic semifinalist

Game dynamics:

Coryat scores:

Tim Lilly Jason
$14,000 $9,600 $17,400
21 R
(including 1 DD),
1 W
14 R
(including 1 DD),
3 W
17 R
(including 1 DD),
0 W

Combined Coryat: $41,000

[game clues] [game scores] [suggest correction]

Game tape date: 2017-09-18
The J! Archive is created by fans, for fans. Scraping, republication, monetization, and malicious use prohibited; this site may use cookies and collect identifying information. See terms. The Jeopardy! game show and all elements thereof, including but not limited to copyright and trademark thereto, are the property of Jeopardy Productions, Inc. and are protected under law. This website is not affiliated with, sponsored by, or operated by Jeopardy Productions, Inc. Join the discussion at JBoard.tv.